Normal view
MARC view
Entry Topical Term
001 - CONTROL NUMBER
- control field: 242573
003 - CONTROL NUMBER IDENTIFIER
- control field: OSt
005 - DATE AND TIME OF LATEST TRANSACTION
- control field: 20251023151706.0
008 - FIXED-LENGTH DATA ELEMENTS
- fixed length control field: 251023|| aca||aabn | a|a d
040 ## - CATALOGING SOURCE
- Original cataloging agency: OSt
- Transcribing agency: OSt
150 ## - HEADING--TOPICAL TERM
- Topical term or geographic name entry element: Taylors Theorem
670 ## - SOURCE DATA FOUND
- Source citation: Work cat.: (OSt)240582: Stephen T Thornton 242570, Classical dynamics of particles and systems Ed 5, 2024